Vật lý hiện đại : (lý thuyết và bài tập)

Bewaard in:
Bibliografische gegevens
Hoofdauteur: Gautreau, Ronald
Formaat: Boek
Gepubliceerd in: Giáo dục 1998
Tags: Voeg label toe
Geen labels, Wees de eerste die dit record labelt!
Thư viện lưu trữ: Mạng thư viện Đại học Đà Nẵng
LEADER 00579nam a2200229 a 4500
001 000030259
003 6561
005 20171030145630.0
008 171030s1998
020 |c 20500 
040 |a LTT 
082 0 |a 539  |b GA-R 
100 1 |a Gautreau, Ronald 
245 0 0 |a Vật lý hiện đại : (lý thuyết và bài tập)  |c Ronald Gautreau, Willam Savin. 
260 |b Giáo dục  |c 1998 
OWN |a LTT 
999 |a From the UDN01 
TYP |a Monograph 
TYP |a Printed language 
980 |a Mạng thư viện Đại học Đà Nẵng